Detalles MARC
| 000 -LIDER |
| fixed length control field |
01185nam a22002297a 4500 |
| 003 - IDENTIFICACDOR DE NÚMERO DE CONTROL |
| control field |
DO-SdBNP |
| 005 - DATE AND TIME OF LATEST TRANSACTION |
| control field |
20171130103418.0 |
| 008 - ELEMENTOS DE LONGITUD FIJA |
| fixed length control field |
171109b 1983 sp ||||| |||| 00| 0 spa d |
| 020 ## - ISBN |
| International Standard Book Number |
8475251226 |
| 040 ## - FUENTE DE CATALOGACIÓN |
| Agencia que crea de manera original el registro |
BPMSU |
| Idioma de catalogación |
spa |
| Agencia que realiza la transcripción |
BPMSU |
| 092 ## - LOCALLY ASSIGNED DEWEY DECIMAL CALL NUMBER |
| Número de clasificación |
xxxx |
| Número de ítem (Cutter) |
xxxx |
| 100 1# - ASIENTO PRINCIPAL -- NOMBRE PERSONAL |
| Nombre personal |
Aldecoa, Josefina R. |
| 245 00 - MENCIÓN DE TITULO |
| Título |
Los Niños de la guerra / |
| Mención de responsabilidad |
selección, prólogo, semblanzas, biografías y comentarios, Josefina R. Aldecoa ; ilustración, Taller de Diseño. |
| 260 ## - PUBLICACIÓN, DISTRIBUCIÓN, ETC. (PIE DE IMPRENTA) |
| Lugar de publicación, distribución, etc |
Madrid : |
| Nombre del editor, distribuidor, etc. |
Ediciones Generales Anaya, |
| Fecha de publicación, distribución, etc |
1983. |
| 300 ## - DESCRIPCIÓN FÍSICA |
| Extensión |
255 p. : |
| Otros detalles físicos |
il. ; |
| Dimensiones |
20 cm. |
| 490 1# - MENCIÓN DE SERIES |
| Mención de serie |
Tus libros |
| Volume/sequential designation |
30 |
| 505 0# - NOTA DE CONTENIDO |
| Título |
El primo Rafael / |
| Mención de responsabilidad |
Jesús Fernández Santos -- |
| Título |
El cuarto de atrás / |
| Mención de responsabilidad |
Carmen Martín Gaite -- |
| Título |
Alfanhuí / |
| Mención de responsabilidad |
Rafael Sánchez Ferlosio -- |
| Título |
Cassette / |
| Mención de responsabilidad |
Rafael Azcona -- |
| Título |
Asi era entonces / |
| Mención de responsabilidad |
Juan Benet -- |
| Título |
Carne de chocolate / |
| Mención de responsabilidad |
Juan Garcia Hortelano -- |
| Título |
El retrato / <br/> |
| Mención de responsabilidad |
Medardo Fraile --<br/> |
| Título |
Dos días de septiembre / |
| Mención de responsabilidad |
José Manuel Caballero Bonald -- |
| Título |
Cuaderno para cuentas / |
| Mención de responsabilidad |
Ana Maria Matute -- |
| Título |
Patio de armas / |
| Mención de responsabilidad |
Ignacio Aldecoa. |
| 830 #0 - ASIENTO SECUNDARIO DE SERIE--TÍTULO UNIFORME |
| Título uniforme |
Tus libros |
| Volume number/sequential designation |
30 |
| 942 ## - ADDED ENTRY ELEMENTS (KOHA) |
| Source of classification or shelving scheme |
Dewey Decimal Classification |
| Koha item type |
Libros |
| 945 ## - INFORMACIÓN DE PROCESAMIENTO LOCAL |
| Información de procesamiento local |
Inventariado extranjero /2017 BT |
| 956 ## - LOCAL ELECTRONIC LOCATION AND ACCESS (OCLC) |
| Nombre de host |
LOPEREZ |
| Número de acceso |
10 |
| Información de compresión |
20171109 |
| Trayectoria |
0041 |